| 000 | 00569cam a2200241 4500 | ||
|---|---|---|---|
| 008 | 090401t1993 xxu||||| |||| 00| 0 eng d | ||
| 020 | _a0582082390 | ||
| 035 | _a(Sirsi) u59314 | ||
| 041 | _aeng | ||
| 050 | _a342 | ||
| 100 | _aWade, E.C.S. | ||
| 245 | _aConstitutional and administrative law. | ||
| 250 | _a11th ed. | ||
| 260 |
_aLondon _bLongman _c1993 |
||
| 300 | _al,782p. ; 24cm. | ||
| 350 | _a25 | ||
| 650 | _aADMINISTRATIVE LAW | ||
| 650 | _aCONSTITUTIONAL LAW | ||
| 690 | _aLAW | ||
| 700 | _aBradley, A.W. | ||
| 942 | _n0 | ||
| 948 | _c04/03/1997 | ||
| 999 |
_c94135 _d94135 |
||